[Event "Mondariz Balneario IM"]
[Site "Mondariz"]
[Date "2016.12.21"]
[Round "7"]
[White "Mihajlov, Sebastian"]
[Black "Gomez Dominguez, Xabier"]
[Result "1-0"]
[WhiteElo "2384"]
[BlackElo "2166"]
[PlyCount "95"]
[EventDate "2016.12.17"]
[EventType "tourn"]
[EventRounds "9"]
[EventCountry "ESP"]
[EventCategory "3"]
[SourceTitle "CBM 176 Extra"]
[Source "ChessBase"]
[SourceDate "2017.03.02"]
[SourceVersion "1"]
[SourceVersionDate "2017.03.02"]
[SourceQuality "1"]

1. d4 Nf6 2. c4 g6 3. Nc3 Bg7 4. e4 d6 5. Nf3 0-0 6. h3 e5 7. d5 Nh5 8. g3 Na6 9. Be3 f5 10. exf5 gxf5 11. Nh4 Nf6 12. Bd3 f4 13. gxf4 exf4 14. Bd2 Nc5 15. Bc2 Re8+ 16. Kf1 Nfe4 17. Nf3 Qf6 18. Ne2 Nxd2+ 19. Qxd2 Bd7 20. Ned4 Ne4 21. Qd3 Re7 22. Re1 Rae8 23. Re2 c5 24. Ne6 Bxe6 25. dxe6 Qxe6 26. Ke1 Bxb2 27. Rh2 Qg6 28. Kf1 Kh8 29. Rg2 Qf6 30. Ba4 Nc3 31. Rxb2 Nxa4 32. Rd2 Qe6 33. Rg4 Rg8 34. Ng5 Qe5 35. Re2 Qa1+ 36. Kg2 Rgg7 37. Qxd6 f3+ 38. Nxf3 Rxg4+ 39. hxg4 Rg7 40. Re8+ Rg8 41. Rxg8+ Kxg8 42. Qd8+ Kg7 43. Qd7+ Kg8 44. Qxa4 Qb1 45. Qe8+ Kg7 46. Qe7+ Kg8 47. Ne5 Qe4+ 48. Kg3 1-0

[Event "Mondariz Balneario IM"]
[Site "Mondariz"]
[Date "2016.12.18"]
[Round "2"]
[White "Rodriguez Lopez, Rafael"]
[Black "Gomez Dominguez, Xabier"]
[Result "1-0"]
[WhiteElo "2256"]
[BlackElo "2166"]
[PlyCount "69"]
[EventDate "2016.12.17"]
[EventType "tourn"]
[EventRounds "9"]
[EventCountry "ESP"]
[EventCategory "3"]
[SourceTitle "CBM 176 Extra"]
[Source "ChessBase"]
[SourceDate "2017.03.02"]
[SourceVersion "1"]
[SourceVersionDate "2017.03.02"]
[SourceQuality "1"]

1. e4 c5 2. Nf3 g6 3. d4 cxd4 4. Nxd4 Bg7 5. c4 Nc6 6. Be3 Nf6 7. Nc3 0-0 8. Be2 d6 9. 0-0 Nxd4 10. Bxd4 Nd7 11. Bxg7 Kxg7 12. Qd4+ Kg8 13. Rad1 b6 14. f4 Nc5 15. e5 Nb7 16. Bf3 Rb8 17. Nb5 a6 18. Nc3 Be6 19. b3 Qc7 20. exd6 Qxd6 21. Bd5 Bf5 22. Ne4 Bxe4 23. Qxe4 Qc7 24. f5 Nd6 25. Qg4 Qc8 26. Be4 b5 27. Bd3 bxc4 28. bxc4 Qc5+ 29. Kh1 Kg7 30. h4 Ne8 31. fxg6 hxg6 32. Bxg6 Nf6 33. Rxf6 exf6 34. Rd5 Qe3 35. Bc2+ 1-0

[Event "Mondariz Balneario IM"]
[Site "Mondariz"]
[Date "2016.12.17"]
[Round "1"]
[White "Gomez Dominguez, Xabier"]
[Black "Sousa, Andre Ventura"]
[Result "0-1"]
[WhiteElo "2166"]
[BlackElo "2399"]
[PlyCount "70"]
[EventDate "2016.12.17"]
[EventType "tourn"]
[EventRounds "9"]
[EventCountry "ESP"]
[EventCategory "3"]
[SourceTitle "CBM 176 Extra"]
[Source "ChessBase"]
[SourceDate "2017.03.02"]
[SourceVersion "1"]
[SourceVersionDate "2017.03.02"]
[SourceQuality "1"]

1. e4 e5 2. Nf3 Nc6 3. Bc4 Bc5 4. d3 Nf6 5. 0-0 0-0 6. Bb3 d5 7. exd5 Nxd5 8. h3 Bb6 9. Nbd2 a5 10. Nc4 a4 11. Nxb6 Nxb6 12. Bc4 Nxc4 13. dxc4 Qxd1 14. Rxd1 Be6 15. b3 Bf5 16. Ba3 Rfe8 17. Rd2 Red8 18. Re2 e4 19. Ne1 Nd4 20. Re3 Bg6 21. b4 f5 22. g3 Bf7 23. c3 Nc6 24. c5 Ne5 25. Nc2 Rd2 26. Nd4 Nc4 27. Bc1 Rd1+ 28. Kg2 Nxe3+ 29. fxe3 a3 30. b5 Bc4 31. c6 bxc6 32. bxc6 Rb8 33. Nc2 Rb2 34. Bxb2 Rd2+ 35. Kg1 axb2 0-1

[Event "Galego-ch"]
[Site "Padron"]
[Date "2016.03.21"]
[Round "3.2"]
[White "Gomez Dominguez, Xabier"]
[Black "Pazos Porta, Antonio"]
[Result "0-1"]
[WhiteElo "2157"]
[BlackElo "2317"]
[PlyCount "68"]
[EventDate "2016.03.19"]
[EventType "swiss"]
[EventRounds "7"]
[EventCountry "ESP"]
[SourceTitle "EXT 2024"]
[Source "ChessBase"]
[SourceDate "2023.10.10"]
[SourceVersion "1"]
[SourceVersionDate "2023.10.10"]
[SourceQuality "1"]

1. e4 c5 2. Nc3 Nc6 3. g3 g6 4. Bg2 Bg7 5. d3 d6 6. f4 Rb8 7. Nf3 b5 8. 0-0 b4 9. Nd5 e6 10. Ne3 Nge7 11. g4 Nd4 12. Nc4 d5 13. exd5 exd5 14. Ne3 h5 15. gxh5 Rxh5 16. Ng5 Qd6 17. a3 Bh6 18. axb4 Bxg5 19. bxc5 Qc7 20. fxg5 Qxh2+ 21. Kf2 Rxg5 22. Rh1 Qg3+ 23. Kf1 Bg4 24. Rxa7 Kf8 25. Nxg4 Rf5+ 26. Kg1 Nf3+ 27. Qxf3 Rxf3 28. Rh8+ Kg7 29. Rxb8 Qxg4 30. Bh6+ Kxh6 31. Rxe7 Rg3 32. Rh8+ Kg7 33. Rh2 Qd4+ 34. Kf1 Qf6+ 0-1

[Event "Pontevedra op 4th"]
[Site "Pontevedra"]
[Date "2015.12.29"]
[Round "6"]
[White "Gomez Dominguez, Xabier"]
[Black "Larino Nieto, David"]
[Result "0-1"]
[WhiteElo "2135"]
[BlackElo "2491"]
[PlyCount "124"]
[EventDate "2015.12.26"]
[EventType "swiss"]
[EventRounds "9"]
[EventCountry "ESP"]
[SourceTitle "CBM 170 Extra"]
[Source "ChessBase"]
[SourceDate "2016.02.25"]
[SourceVersion "1"]
[SourceVersionDate "2016.02.25"]
[SourceQuality "1"]

1. e4 d5 2. exd5 Qxd5 3. Nc3 Qa5 4. d4 Nf6 5. Nf3 Nc6 6. Bd2 a6 7. a4 Qf5 8. Bd3 Qd7 9. Bc4 e6 10. Bf4 Bd6 11. Bg3 b6 12. d5 Bxg3 13. hxg3 exd5 14. Nxd5 Nxd5 15. Qxd5 Qxd5 16. Bxd5 Bb7 17. 0-0-0 0-0 18. Be4 h6 19. Rd7 Nb8 20. Re7 Bxe4 21. Rxe4 a5 22. Re7 Na6 23. Rd1 Rfe8 24. Rdd7 Rxe7 25. Rxe7 Kf8 26. Rd7 Re8 27. b3 Re6 28. Nd4 Rf6 29. f3 Ke8 30. Rd5 g6 31. g4 Nb4 32. Re5+ Kd7 33. g5 hxg5 34. Rxg5 Rf4 35. Ne2 Rh4 36. Kd2 Rh1 37. Nf4 Rg1 38. Nd5 Nc6 39. Nf6+ Ke7 40. Nd5+ Kd6 41. Nf6 Nd4 42. Rg4 Ne6 43. Ke3 Ke5 44. Nd7+ Kf5 45. Kf2 Rd1 46. Nb8 Rd2+ 47. Ke3 Rxc2 48. Kd3 Rc5 49. Re4 Rd5+ 50. Ke3 Rd6 51. b4 axb4 52. Rxb4 Ke5 53. a5 bxa5 54. Rb5+ c5 55. Rxa5 Kd5 56. Na6 Rb6 57. g4 Rb3+ 58. Kf2 Kc6 59. Kg3 g5 60. Kf2 Kb6 61. Ra4 Nd4 62. Kg2 Nxf3 0-1

[Event "Pontevedra op 4th"]
[Site "Pontevedra"]
[Date "2015.12.28"]
[Round "4"]
[White "Gomez Dominguez, Xabier"]
[Black "Portela Peleteiro, Alberto"]
[Result "1-0"]
[WhiteElo "2135"]
[BlackElo "2368"]
[PlyCount "113"]
[EventDate "2015.12.26"]
[EventType "swiss"]
[EventRounds "9"]
[EventCountry "ESP"]
[SourceTitle "CBM 170 Extra"]
[Source "ChessBase"]
[SourceDate "2016.02.25"]
[SourceVersion "1"]
[SourceVersionDate "2016.02.25"]
[SourceQuality "1"]

1. e4 d6 2. Nc3 Nf6 3. d4 Nbd7 4. Nf3 e5 5. Bc4 Be7 6. h3 0-0 7. 0-0 c6 8. a4 a5 9. Be3 Nxe4 10. Nxe4 d5 11. Nxe5 Nxe5 12. dxe5 dxc4 13. Nd6 Be6 14. Nxb7 Qxd1 15. Rfxd1 Rfb8 16. Nd6 Rxb2 17. c3 Rb3 18. Bc5 Bf8 19. Rac1 Bd5 20. Rd2 g6 21. f4 Bh6 22. g3 Rab8 23. Kf2 Bg7 24. Ke3 Rb2 25. Rcd1 f6 26. Kd4 fxe5+ 27. fxe5 Rxd2+ 28. Rxd2 Rb1 29. Nxc4 Re1 30. Ne3 Bh6 31. Kd3 Bb3 32. Rf2 Bxa4 33. e6 Bb3 34. e7 Bf7 35. Ng4 Bg7 36. Nf6+ Bxf6 37. Rxf6 a4 38. Rxc6 Be8 39. Rf6 Bf7 40. Rf4 Re5 41. Ba3 Rf5 42. Rxf5 gxf5 43. Kd4 Be8 44. Ke5 Kf7 45. c4 Bd7 46. Kd6 Ke8 47. h4 h5 48. c5 Bc8 49. c6 Ba6 50. Kc7 Bc4 51. Kb8 Ba6 52. Kc7 Bc4 53. Kb6 Be6 54. Kb7 Bd5 55. Bb4 Bf3 56. Kb6 Bd5 57. c7 1-0

[Event "Ourense Campus 2nd"]
[Site "Ourense"]
[Date "2015.07.12"]
[Round "9.6"]
[White "Baltar Iglesias, David"]
[Black "Gomez Dominguez, Xabier"]
[Result "1/2-1/2"]
[WhiteElo "2166"]
[BlackElo "2102"]
[PlyCount "59"]
[EventDate "2015.07.06"]
[EventType "swiss"]
[EventRounds "9"]
[EventCountry "ESP"]
[SourceTitle "EXT 2024"]
[Source "ChessBase"]
[SourceDate "2023.10.10"]
[SourceVersion "1"]
[SourceVersionDate "2023.10.10"]
[SourceQuality "1"]

1. e4 c5 2. Nf3 g6 3. d4 cxd4 4. Nxd4 Bg7 5. c4 Nc6 6. Be3 Nf6 7. Nc3 0-0 8. Be2 d6 9. 0-0 Nxd4 10. Bxd4 Nd7 11. Bxg7 Kxg7 12. Qd4+ Kg8 13. Rad1 Re8 14. Kh1 Qb6 15. Qd2 Nf6 16. h3 Bd7 17. f4 Bc6 18. Bd3 Nd7 19. b3 Qd4 20. Qe1 Qg7 21. Rc1 Rac8 22. Qe3 Nc5 23. Bb1 a5 24. Kh2 e5 25. f5 gxf5 26. Rxf5 Kh8 27. Rg5 Qf6 28. Rf5 Qg7 29. Rg5 Qf6 30. Rf5 1/2-1/2

[Event "Gallego-ch U18"]
[Site "Pontedeume A Coruna"]
[Date "2010.02.16"]
[Round "7.3"]
[White "Fernandez Ansuar, Borja"]
[Black "Gomez Dominguez, Xabier"]
[Result "0-1"]
[WhiteElo "1686"]
[BlackElo "2033"]
[PlyCount "63"]
[EventDate "2010.02.13"]
[EventType "swiss"]
[EventRounds "8"]
[EventCountry "ESP"]
[SourceTitle "EXT 2024"]
[Source "ChessBase"]
[SourceDate "2023.10.10"]
[SourceVersion "1"]
[SourceVersionDate "2023.10.10"]
[SourceQuality "1"]

1. d4 Nf6 2. c4 g6 3. Nc3 Bg7 4. Nf3 0-0 5. Bf4 d6 6. e3 Nc6 7. h3 Nd7 8. Be2 h6 9. 0-0 e5 10. Bh2 f5 11. a3 e4 12. Nd2 Nf6 13. b4 Ne7 14. Rc1 c6 15. c5 d5 16. b5 g5 17. Qa4 Ne8 18. bxc6 bxc6 19. Rb1 f4 20. Na2 f3 21. gxf3 exf3 22. Bxf3 Bxh3 23. Rfe1 Qd7 24. Qa6 Rxf3 25. Bg3 Rf7 26. Rb7 Qe6 27. Kh2 h5 28. f3 h4 29. Bf2 g4 30. Bxh4 Qh6 31. Rxe7 Rxe7 32. Qxc6 0-1

[Event "Gallego-ch U18"]
[Site "Pontedeume A Coruna"]
[Date "2010.02.15"]
[Round "5.3"]
[White "Gonzalez Carro, Victor"]
[Black "Gomez Dominguez, Xabier"]
[Result "0-1"]
[WhiteElo "1708"]
[BlackElo "2033"]
[PlyCount "64"]
[EventDate "2010.02.13"]
[EventType "swiss"]
[EventRounds "8"]
[EventCountry "ESP"]
[SourceTitle "EXT 2024"]
[Source "ChessBase"]
[SourceDate "2023.10.10"]
[SourceVersion "1"]
[SourceVersionDate "2023.10.10"]
[SourceQuality "1"]

1. e4 c5 2. Nc3 Nc6 3. f4 g6 4. Nf3 Bg7 5. Bc4 e6 6. 0-0 Nge7 7. d3 0-0 8. e5 d5 9. exd6 Nf5 10. Ne4 b6 11. c3 Nxd6 12. Nxd6 Qxd6 13. Be3 Rd8 14. Qe2 Na5 15. Rad1 Nxc4 16. dxc4 Qe7 17. Rxd8+ Qxd8 18. Rd1 Qc7 19. Ne5 f6 20. Ng4 Bb7 21. Bc1 Kf7 22. Re1 Qc6 23. h4 h5 24. Ne3 Rd8 25. f5 exf5 26. Nxf5 gxf5 27. Qxh5+ Kf8 28. Qg6 Re8 29. Rd1 Re2 30. Rd8+ Ke7 31. Re8+ Qxe8 32. Qxg7+ Qf7 0-1

[Event "Burgas op 18th"]
[Site "Ourense"]
[Date "2009.07.13"]
[Round "7"]
[White "Gomez Dominguez, Xabier"]
[Black "Ferreiro Mera, Aaron"]
[Result "1-0"]
[WhiteElo "2031"]
[BlackElo "1739"]
[PlyCount "129"]
[EventDate "2009.07.07"]
[EventType "swiss"]
[EventRounds "9"]
[EventCountry "ESP"]
[SourceTitle "CBM 131 Extra"]
[Source "ChessBase"]
[SourceDate "2009.09.03"]
[SourceVersion "2"]
[SourceVersionDate "2009.09.16"]
[SourceQuality "1"]

1. e4 e5 2. Nf3 Nc6 3. Bc4 Nf6 4. d3 Be7 5. 0-0 0-0 6. Bb3 d6 7. c3 Bg4 8. h3 Bh5 9. Re1 Nd7 10. Nbd2 Nc5 11. Bc2 Ne6 12. Nf1 Bg5 13. Ng3 Bxc1 14. Rxc1 Bg6 15. d4 Nf4 16. Qd2 f6 17. Ne2 Nxe2+ 18. Qxe2 Bf7 19. Rcd1 Qe7 20. Nh4 g6 21. d5 Nd8 22. Qg4 Kh8 23. Rd3 Be8 24. f4 Rg8 25. f5 g5 26. Nf3 b6 27. Nh2 Nb7 28. b4 a5 29. Bb3 h5 30. Qd1 Rg7 31. Rg3 Qf7 32. Nf1 Bb5 33. Nd2 Rag8 34. Kf2 h4 35. Rg4 Qe7 36. g3 hxg3+ 37. Rxg3 Rh7 38. Nf3 Be8 39. Rh1 Bh5 40. Qg1 Bxf3 41. Kxf3 Rh4 42. Rg4 Rg7 43. Rxh4+ gxh4 44. Qc1 Rg3+ 45. Kf2 Qh7 46. Bd1 Qg7 47. Bg4 Qg5 48. Qxg5 fxg5 49. Bf3 Kg7 50. Rg1 Rxg1 51. Kxg1 Kh6 52. Kf2 Nd8 53. Ke3 c6 54. dxc6 Nxc6 55. a3 Kg7 56. Kd3 axb4 57. axb4 Kf6 58. Kc4 Na7 59. b5 Ke7 60. Bg4 Kf6 61. Be2 Ke7 62. Kd5 Nc8 63. Kc6 Kf6 64. Bg4 Kf7 65. Kc7 1-0

[Event "Burgas op 18th"]
[Site "Ourense"]
[Date "2009.07.08"]
[Round "2"]
[White "Gomez Garrido, Camilo Ernesto"]
[Black "Gomez Dominguez, Xabier"]
[Result "1/2-1/2"]
[WhiteElo "2461"]
[BlackElo "2031"]
[PlyCount "115"]
[EventDate "2009.07.07"]
[EventType "swiss"]
[EventRounds "9"]
[EventCountry "ESP"]
[SourceTitle "CBM 131 Extra"]
[Source "ChessBase"]
[SourceDate "2009.09.03"]
[SourceVersion "2"]
[SourceVersionDate "2009.09.16"]
[SourceQuality "1"]

1. e4 c5 2. Nf3 Nc6 3. d4 cxd4 4. Nxd4 g6 5. c4 Bg7 6. Be3 d6 7. Nc3 Nf6 8. Be2 0-0 9. 0-0 Nxd4 10. Bxd4 Bd7 11. f3 Bc6 12. b4 Qc7 13. Rc1 b6 14. Nd5 Bxd5 15. cxd5 Qb7 16. Bb5 Rac8 17. Qa4 Rxc1 18. Rxc1 Rc8 19. Rxc8+ Qxc8 20. Bc6 Qc7 21. Qb5 Nh5 22. Be3 Bf6 23. a4 e6 24. a5 Bd8 25. a6 e5 26. g3 f5 27. exf5 gxf5 28. Bd7 f4 29. Be6+ Kg7 30. Bf2 fxg3 31. hxg3 h6 32. Kg2 Nf6 33. g4 e4 34. fxe4 Nxe4 35. Bd4+ Nf6 36. Qe8 Qc2+ 37. Kh3 Qd3+ 38. Kh4 Qxd4 39. Qf7+ Kh8 40. Qf8+ Ng8+ 41. Qxd8 Qf6+ 42. Qxf6+ Nxf6 43. g5 hxg5+ 44. Kxg5 Kg7 45. Kf5 Nh7 46. b5 Nf6 47. Bg8 Nxg8 48. Ke6 Kf8 49. Kxd6 Ne7 50. Kc7 Nxd5+ 51. Kb7 Nc7 52. Kxc7 Ke7 53. Kc8 Ke8 54. Kb7 Kd7 55. Ka8 Kc8 56. Kxa7 Kc7 57. Ka8 Kc8 58. a7 1/2-1/2

[Event "Burgas op 16th"]
[Site "Ourense"]
[Date "2007.07.13"]
[Round "9.25"]
[White "Gomez Dominguez, Xabier"]
[Black "Pena Gonzalez, Rosendo"]
[Result "1-0"]
[WhiteElo "1939"]
[BlackElo "1857"]
[PlyCount "33"]
[EventDate "2007.07.05"]
[EventType "swiss"]
[EventRounds "9"]
[EventCountry "ESP"]
[SourceTitle "EXT 2008"]
[Source "ChessBase"]
[SourceDate "2007.11.25"]
[SourceVersion "1"]
[SourceVersionDate "2007.11.25"]
[SourceQuality "1"]

1. e4 d5 2. exd5 Qxd5 3. Nc3 Qa5 4. d4 Nf6 5. Nf3 Nc6 6. Bb5 Nd5 7. Bxc6+ bxc6 8. Bd2 Qa6 9. Ne5 Bf5 10. Qf3 e6 11. Qh5 g6 12. Qf3 Bg7 13. Rc1 h5 14. Qe2 Qb6 15. Qc4 Nb4 16. Na4 Nxc2+ 17. Rxc2 1-0

[Event "Burgas op 15th"]
[Site "Ourense"]
[Date "2006.??.??"]
[Round "3"]
[White "Prol Nogueira, Iago"]
[Black "Gomez Dominguez, Xabier"]
[Result "0-1"]
[WhiteElo "2165"]
[BlackElo "1911"]
[PlyCount "92"]
[EventDate "2006.07.04"]
[EventType "swiss"]
[EventRounds "9"]
[EventCountry "ESP"]
[SourceTitle "CBM 113 Extra"]
[Source "ChessBase"]
[SourceDate "2006.09.14"]
[SourceVersion "1"]
[SourceVersionDate "2006.09.14"]
[SourceQuality "1"]

1. e4 e6 2. d3 d5 3. Qe2 Nf6 4. Nf3 b5 5. g3 b4 6. e5 Nfd7 7. h4 c5 8. Bg2 Nc6 9. 0-0 Qc7 10. Re1 g6 11. Bf4 Bg7 12. c4 bxc3 13. Nxc3 a6 14. Nxd5 exd5 15. e6 Nde5 16. Nxe5 Bxe5 17. Bxd5 f6 18. Bxe5 fxe5 19. Bxc6+ Qxc6 20. Qxe5 0-0 21. e7 Re8 22. Rac1 Bb7 23. Re4 Qd7 24. Re3 Qc6 25. f3 Rac8 26. Rce1 Qd5 27. Qf4 Qd4 28. Qg4 Qxg4 29. fxg4 Rc7 30. b3 Bc8 31. Re4 Rd7 32. R1e3 Bb7 33. Re5 Kf7 34. Rxc5 Rexe7 35. Kf2 Rxe3 36. Kxe3 Ke6 37. Kf4 Rxd3 38. Rc7 Rd4+ 39. Kg5 Bf3 40. Rc4 Rxc4 41. bxc4 Kf7 42. Kh6 Bxg4 43. Kxh7 Be6 44. a3 Bxc4 45. g4 Be2 46. h5 g5 0-1